| 000 | 00362nam a2200145Ia 4500 | ||
|---|---|---|---|
| 008 | 230917s9999||||xx |||||||||||||| ||und|| | ||
| 040 |
_e73178 _aMAIN |
||
| 041 | _aEnglish | ||
| 082 | _a658.1511 M955M | ||
| 100 | _aMurphy, Mary E | ||
| 245 | 0 | _aManagerial accounting | |
| 260 |
_aNew York _bVan Nostrand Reinhold _c1963 |
||
| 300 | _axi, 267 p. | ||
| 942 | _cBK | ||
| 999 |
_c205260 _d205260 |
||